<?xml version="1.0" encoding="UTF-8"?><?xml-stylesheet type="text/xsl" href="static/style.xsl"?><OAI-PMH xmlns="http://www.openarchives.org/OAI/2.0/" xmlns:xsi="http://www.w3.org/2001/XMLSchema-instance" xsi:schemaLocation="http://www.openarchives.org/OAI/2.0/ http://www.openarchives.org/OAI/2.0/OAI-PMH.xsd"><responseDate>2026-06-03T14:00:55Z</responseDate><request verb="GetRecord" identifier="oai:riuma.uma.es:10630/7923" metadataPrefix="marc">https://riuma.uma.es/rest/oai/request</request><GetRecord><record><header><identifier>oai:riuma.uma.es:10630/7923</identifier><datestamp>2026-02-03T12:17:28Z</datestamp><setSpec>com_10630_2254</setSpec><setSpec>col_10630_37959</setSpec></header><metadata><record xmlns="http://www.loc.gov/MARC21/slim" xmlns:dcterms="http://purl.org/dc/terms/" xmlns:doc="http://www.lyncode.com/xoai" xmlns:xsi="http://www.w3.org/2001/XMLSchema-instance" xsi:schemaLocation="http://www.loc.gov/MARC21/slim http://www.loc.gov/standards/marcxml/schema/MARC21slim.xsd">
   <leader>00925njm 22002777a 4500</leader>
   <datafield ind2=" " ind1=" " tag="042">
      <subfield code="a">dc</subfield>
   </datafield>
   <datafield ind2=" " ind1=" " tag="720">
      <subfield code="a">Navarro-Gómez, María Lucía</subfield>
      <subfield code="e">author</subfield>
   </datafield>
   <datafield ind2=" " ind1=" " tag="720">
      <subfield code="a">Rueda-Narváez, Mario Federico</subfield>
      <subfield code="e">author</subfield>
   </datafield>
   <datafield ind2=" " ind1=" " tag="260">
      <subfield code="c">2014-07-25</subfield>
   </datafield>
   <datafield ind2=" " ind1=" " tag="520">
      <subfield code="a">El presente trabajo tiene como objetivo cuantificar el grado en que hombres y mujeres se encuentran segregados en el mercado laboral español; es decir, en qué medida los asalariados se concentran en empleos de distinta naturaleza en función de su sexo. La cuestión es interesante dentro del campo más amplio de las diferencias salariales de género, dado que distintas preferencias o una mayor discriminación en contra de la mujer en algunos empleos puede dar lugar a que éstas se concentren en determinados segmentos del mercado. A su vez, esto provocaría un exceso de oferta de trabajo en tales segmentos, que podría deprimir los salarios recibidos individualmente en los empleos más feminizados (hipótesis de concentración; Bergman, 1974).&#xd;
Así, a partir de datos del Panel de Hogares de la Unión Europea (INE, 1994-2000), planteamos en primer lugar un análisis descriptivo del grado de segregación por género en ocupaciones y sectores de actividad en el mercado laboral español, investigando la remuneración promedio en las distintas categorías. Posteriormente, mediante la estimación de diversos modelos de ganancias, investigaremos en qué medida la tasa de feminización en las distintas ocupaciones y sectores de actividad se asocia a menores salarios individuales tanto para mujeres como hombres, contribuyendo a explicar, al menos en parte, el diferencial en salarios por género. Los resultados obtenidos, por tanto, supondrán una aportación a la literatura sobre discriminación salarial contra las mujeres en España.</subfield>
   </datafield>
   <datafield ind1="8" ind2=" " tag="024">
      <subfield code="a">http://hdl.handle.net/10630/7923</subfield>
   </datafield>
   <datafield tag="653" ind2=" " ind1=" ">
      <subfield code="a">Discriminación laboral</subfield>
   </datafield>
   <datafield tag="653" ind2=" " ind1=" ">
      <subfield code="a">Mujeres - Trabajo</subfield>
   </datafield>
   <datafield ind2="0" ind1="0" tag="245">
      <subfield code="a">Una panorámica de género sobre la segregación laboral en España</subfield>
   </datafield>
</record>
</metadata></record></GetRecord></OAI-PMH>